[Event "I. CLANSKA LIGA ZAHOD 2025"]
[Site "Komenda"]
[Date "2025.10.11"]
[Round "5.1"]
[White "Bulatovic, Milorad"]
[Black "Srebrnic, Marko"]
[Result "0-1"]
[WhiteElo "1933"]
[BlackElo "2331"]
[PlyCount "155"]
[EventDate "2025.09.26"]
[WhiteTeam "SK STARI MAYR KRANJ"]
[BlackTeam "SD POSOCJE"]

1. b4 c6 2. Bb2 Qb6 3. a3 a5 4. c3 d5 5. e3 Nf6 6. Be2 Bf5 7. d4 Nbd7 8. Nf3 e6
9. O-O h6 10. Bd3 Bxd3 11. Qxd3 Qa6 12. Qc2 Bd6 13. Nbd2 Nb6 14. Rfe1 O-O 15.
Rab1 axb4 16. cxb4 Qa4 17. Qc3 Qb5 18. Qb3 Ra4 19. Qc2 Raa8 20. Bc1 Qa4 21. Qc3
Ne4 22. Nxe4 dxe4 23. Nd2 Nd5 24. Qb2 f5 25. g3 Qb5 26. Qb3 Ra4 27. Nc4 Be7 28.
Bd2 Rfa8 29. Bc3 Kh7 30. Rec1 Nc7 31. Bb2 R4a6 32. Qd1 Nd5 33. Ne5 Bf6 34. Nd7
b6 35. Qc2 Rc8 36. Qd1 Ra7 37. Nxf6+ gxf6 38. Qh5 Kg7 39. Qd1 Kg6 40. Kh1 h5
41. h4 Rcc7 42. Rc2 Qa4 43. Rbc1 Ra8 44. Qd2 Rd8 45. Qe2 Kh6 46. Qc4 Qb5 47.
Kh2 Kg6 48. Qa2 Qd3 49. Qc4 Qxc4 50. Rxc4 b5 51. R4c2 Kf7 52. Ra1 Ra8 53. Rac1
Ra6 54. Rf1 Ke7 55. Bc1 Nb6 56. Rc3 Nc4 57. f3 Rc8 58. fxe4 fxe4 59. Rf2 f5 60.
Kh3 Kd6 61. Re2 Kd5 62. Rg2 Rg8 63. Rf2 Ra7 64. Rg2 Rf7 65. Rcc2 Rd7 66. Rgf2
Ra7 67. Rc3 Rf7 68. Rcc2 Rfg7 69. Rg2 Rg4 70. Kh2 Rd8 71. Kh3 e5 72. dxe5 Ke6
73. a4 Rd3 74. a5 Rd7 75. Ra2 Ra7 76. Rgc2 Rb7 77. Rc3 Kd5 78. Rb3 {nejasno 
(104)} 0-1

[Event "I. CLANSKA LIGA ZAHOD 2025"]
[Site "Komenda"]
[Date "2025.10.11"]
[Round "5.1"]
[White "Biti, Ozren"]
[Black "Rici, Jurij"]
[Result "1/2-1/2"]
[WhiteElo "2270"]
[BlackElo "1900"]
[PlyCount "144"]
[EventDate "2025.09.26"]
[WhiteTeam "SD POSOCJE"]
[BlackTeam "SK STARI MAYR KRANJ"]

1. e4 e5 2. Nf3 d6 3. Bc4 Be7 4. d4 exd4 5. Nxd4 Nf6 6. Nc3 Bd7 7. O-O Nc6 8.
Re1 O-O 9. h3 Nxd4 10. Qxd4 Bc6 11. Rb1 Nd7 12. Bf4 Bg5 13. Bh2 Bf6 14. Qd2 Nb6
15. Bb3 Re8 16. f3 Rb8 17. a3 Be5 18. Bxe5 dxe5 19. Qf2 Qe7 20. Rbd1 a6 21. Nd5
Nxd5 22. exd5 Bd7 23. c4 Qg5 24. h4 Qg6 25. c5 Qf6 26. Qg3 c6 27. Qg5 Qxg5 28.
hxg5 Kf8 29. Re3 f6 30. dxc6 Bxc6 31. gxf6 gxf6 32. Rd6 Kg7 33. Red3 Bb5 34.
Rd2 Re7 35. Be6 Rbe8 36. Bf5 Bc6 37. R2d3 Rf8 38. b4 Ra8 39. Be4 Bxe4 40. fxe4
Kf7 41. Rb6 Rf8 42. c6 bxc6 43. Rxc6 a5 44. b5 a4 45. Rdd6 Kg7 46. b6 Rb7 47.
g4 Kg6 48. Kf2 Kg5 49. Kg3 Rg7 50. Kf3 Rb7 51. Rc4 Rfb8 52. Rcc6 Rf8 53. Kg3
Rg7 54. Rc7 Rxc7 55. bxc7 Rc8 56. Rc6 h5 57. gxh5 Kxh5 58. Kf3 Kg5 59. Ke3 f5
60. exf5 Kxf5 61. Kd3 e4+ 62. Kd4 e3 63. Kxe3 Ke5 64. Kd3 Kd5 65. Rc4 Kd6 66.
Rxa4 Rxc7 67. Kd4 Kc6 68. Rb4 Rb7 69. Kc4 Ra7 70. a4 Ra6 71. Kb3 Rb6 72. Rxb6+
Kxb6 1/2-1/2

[Event "I. CLANSKA LIGA ZAHOD 2025"]
[Site "Komenda"]
[Date "2025.10.11"]
[Round "5.1"]
[White "Zupan, Gorazd"]
[Black "Beletic, Danijel"]
[Result "0-1"]
[WhiteElo "1896"]
[BlackElo "2269"]
[PlyCount "118"]
[EventDate "2025.09.26"]
[WhiteTeam "SK STARI MAYR KRANJ"]
[BlackTeam "SD POSOCJE"]

1. e4 e6 2. d4 d5 3. Nc3 dxe4 4. Nxe4 Nd7 5. Nf3 Ngf6 6. Bg5 h6 7. Nxf6+ Nxf6
8. Bxf6 Qxf6 9. Bd3 Bd6 10. Qe2 Bd7 11. O-O-O O-O-O 12. Kb1 Bc6 13. Be4 Bxe4
14. Qxe4 Rd7 15. Rd3 Rhd8 16. Rhd1 c6 17. h3 Bc7 18. a3 Rd5 19. Ka2 Qf5 20.
Qxf5 Rxf5 21. b4 g5 22. Re1 h5 23. Re2 g4 24. hxg4 hxg4 25. Nd2 Rh8 26. f3 Rg5
27. fxg4 Rxg4 28. Rf3 Rh7 29. c3 Rhg7 30. Ne4 Rxg2 31. Rxg2 Rxg2+ 32. Kb3 Rg7
33. Kc4 b6 34. b5 Kb7 35. bxc6+ Kxc6 36. Rf6 Rg5 37. Kd3 Rg7 38. Kc4 b5+ 39.
Kd3 Bd8 40. Rh6 Be7 41. a4 bxa4 42. Kc4 Rg4 43. Nf2 Rh4 44. Rxh4 Bxh4 45. Nd3
Bg3 46. Nc5 a3 47. Kb3 Bd6 48. Ne4 f5 49. Ng5 Kd5 50. Nf3 Ke4 51. Ng5+ Kd5 52.
Nf3 Be7 53. c4+ Ke4 54. Ne5 Bc5 55. Nf7 Kxd4 56. Nd8 Ke5 57. Kc3 f4 58. Nf7+
Kf5 59. Kd3 a2 0-1

[Event "I. CLANSKA LIGA ZAHOD 2025"]
[Site "Komenda"]
[Date "2025.10.11"]
[Round "5.1"]
[White "Hozjan, Erik"]
[Black "Bucan, Luka"]
[Result "1/2-1/2"]
[WhiteElo "1930"]
[BlackElo "1706"]
[PlyCount "46"]
[EventDate "2025.09.26"]
[WhiteTeam "SD POSOCJE"]
[BlackTeam "SK STARI MAYR KRANJ"]

1. e4 c5 2. Nc3 d6 3. Bc4 Nf6 4. Nge2 Nc6 5. d3 e6 6. Bb3 Na5 7. O-O Nxb3 8.
axb3 Be7 9. f4 O-O 10. Ng3 d5 11. e5 Ne8 12. Qg4 g6 13. Nd1 Ng7 14. Be3 b6 15.
Qf3 Bb7 16. Kh1 Qc7 17. Qe2 h5 18. Re1 h4 19. Nf1 d4 20. Bf2 Qc6 21. Qe4 Qc7
22. Qe2 Qc6 23. Qe4 Qc7 1/2-1/2

[Event "I. CLANSKA LIGA ZAHOD 2025"]
[Site "Komenda"]
[Date "2025.10.11"]
[Round "5.2"]
[White "Belyaletdinov, Leonard"]
[Black "Brezovar, Matjaz"]
[Result "1/2-1/2"]
[WhiteElo "2130"]
[BlackElo "2185"]
[PlyCount "55"]
[EventDate "2025.09.26"]
[WhiteTeam "TAJFUN - SK LJUBLJANA"]
[BlackTeam "SK DOLENJSKE TOPLICE"]

1. e4 d6 2. d4 Nf6 3. Bd3 e5 4. c3 d5 5. dxe5 Nxe4 6. Nd2 Nc6 7. Ngf3 Nc5 8.
Bc2 Bg4 9. b4 Ne6 10. h3 Bh5 11. g4 Bg6 12. Bf5 d4 13. Bb2 dxc3 14. Bxc3 Ned4
15. Bxd4 Nxd4 16. e6 Bxf5 17. exf7+ Kxf7 18. gxf5 Bxb4 19. Nxd4 Qxd4 20. Qb3+
Kf8 21. O-O-O Bxd2+ 22. Rxd2 Qa1+ 23. Kc2 Qxh1 24. Qb4+ Kg8 25. Qb3+ Kf8 26.
Qb4+ Kg8 27. Qb3+ Kf8 28. Qb4+ 1/2-1/2

[Event "I. CLANSKA LIGA ZAHOD 2025"]
[Site "Komenda"]
[Date "2025.10.11"]
[Round "5.2"]
[White "Luzar, Emil"]
[Black "Krstic, David"]
[Result "1-0"]
[WhiteElo "2111"]
[BlackElo "1974"]
[PlyCount "71"]
[EventDate "2025.09.26"]
[WhiteTeam "SK DOLENJSKE TOPLICE"]
[BlackTeam "TAJFUN - SK LJUBLJANA"]

1. e4 c5 2. Nc3 d6 3. f4 Nc6 4. Nf3 g6 5. Bc4 Bg7 6. O-O e6 7. d3 Nge7 8. Qe1
O-O 9. f5 d5 10. Bb3 c4 11. f6 Bxf6 12. dxc4 d4 13. Ne2 a5 14. a3 Bg7 15. Nf4
Ne5 16. Nxe5 Bxe5 17. Nd3 Bg7 18. Bf4 Nc6 19. Qg3 a4 20. Ba2 Qa5 21. Bd6 Re8
22. c5 Qd2 23. Rae1 Bd7 24. Rf2 Qa5 25. Ref1 Rf8 26. h4 h5 27. Qg5 Qd8 28. Rf6
Ne7 29. Ne5 Nf5 30. Nxd7 Nxd6 31. Rxg6 fxg6 32. Rxf8+ Bxf8 33. Qxg6+ Kh8 34.
Nf6 Qxf6 35. Qxf6+ Bg7 36. Qg6 1-0

[Event "I. CLANSKA LIGA ZAHOD 2025"]
[Site "Komenda"]
[Date "2025.10.11"]
[Round "5.2"]
[White "Srebrnic, Vojko"]
[Black "Stubljar, Andrej"]
[Result "1/2-1/2"]
[WhiteElo "1964"]
[BlackElo "1995"]
[PlyCount "100"]
[EventDate "2025.09.26"]
[WhiteTeam "TAJFUN - SK LJUBLJANA"]
[BlackTeam "SK DOLENJSKE TOPLICE"]

1. f4 e5 2. fxe5 d6 3. Nf3 Nc6 4. e4 Bg4 5. Bb5 a6 6. Bxc6+ bxc6 7. d3 dxe5 8.
Be3 f6 9. O-O Bd6 10. Nbd2 Ne7 11. Qe1 O-O 12. Nc4 Be6 13. b3 g5 14. Rd1 Ng6
15. d4 Bxc4 16. bxc4 exd4 17. Bxd4 Qe7 18. Qe3 c5 19. Bc3 Qe6 20. Nd2 Rad8 21.
Rde1 Bf4 22. Qe2 Qd6 23. e5 Bxe5 24. Ne4 Bd4+ 25. Kh1 Qe5 26. Bxd4 Rxd4 27. c3
Rdd8 28. Qf2 Nf4 29. Qxc5 Nd3 30. Qxe5 fxe5 31. Rb1 Rxf1+ 32. Rxf1 h6 {(=)} 33.
g3 Nb2 34. Rf6 Nxc4 35. Rxh6 Kg7 36. Rc6 Ne3 37. Kg1 g4 38. Kf2 Nd5 39. c4 Nb4
40. Rxc7+ Kg6 41. a3 Nc2 42. Rc6+ Kg7 43. Rxa6 Rd1 44. Nd6 Rd2+ 45. Kf1 Ne3+
46. Ke1 Rxh2 47. c5 Nc2+ 48. Kf1 Ne3+ 49. Ke1 Nc2+ 50. Kd1 Ne3+ 1/2-1/2

[Event "I. CLANSKA LIGA ZAHOD 2025"]
[Site "Komenda"]
[Date "2025.10.11"]
[Round "5.2"]
[White "Pucelj, Joze"]
[Black "Markus, David"]
[Result "1-0"]
[WhiteElo "1969"]
[BlackElo "1800"]
[PlyCount "53"]
[EventDate "2025.09.26"]
[WhiteTeam "SK DOLENJSKE TOPLICE"]
[BlackTeam "TAJFUN - SK LJUBLJANA"]

1. Nf3 Nf6 2. d4 e6 3. Bf4 c5 4. c3 b6 5. e3 Bb7 6. Nbd2 Be7 7. h3 O-O 8. Bd3
d5 9. O-O Ba6 10. Bxa6 Nxa6 11. Ne5 Bd6 12. Bg5 Nb8 13. Ndf3 h6 14. Bh4 Nbd7
15. Nxd7 Qxd7 16. Bxf6 gxf6 17. Nh2 Bxh2+ 18. Kxh2 f5 19. Qh5 Kh7 20. f4 Rg8
21. Rg1 Rg6 22. g4 fxg4 23. Rxg4 Rag8 24. Rag1 Qb5 25. f5 Qe2+ 26. R1g2 Qxg2+
27. Kxg2 1-0

[Event "I. CLANSKA LIGA ZAHOD 2025"]
[Site "Komenda"]
[Date "2025.10.11"]
[Round "5.2"]
[White "Kovacic, Jakob"]
[Black "Voglar, Peter"]
[Result "1-0"]
[WhiteElo "1659"]
[BlackElo "1954"]
[PlyCount "67"]
[EventDate "2025.09.26"]
[WhiteTeam "TAJFUN - SK LJUBLJANA"]
[BlackTeam "SK DOLENJSKE TOPLICE"]

1. e4 c5 2. Nc3 e6 3. g3 d6 4. Bg2 Be7 5. d3 Nc6 6. f4 a6 7. Nf3 Qc7 8. O-O Bf6
9. g4 Bd7 10. f5 h6 11. Bf4 Nd4 12. Re1 Nxf3+ 13. Bxf3 Ne7 14. Qe2 Nc6 15. Bg2
O-O-O 16. Rab1 Rde8 17. Qd2 Nd4 18. Nd1 Reg8 19. c3 Nc6 20. Ne3 g6 21. fxg6
fxg6 22. Rf1 Be7 23. h3 g5 24. Bg3 h5 25. d4 cxd4 26. cxd4 Kb8 27. Rbc1 Qb6 28.
d5 Ne5 29. Bf2 Qb5 30. dxe6 Bxe6 31. Nf5 Bxf5 32. exf5 Rc8 33. Qd4 b6 34. Qe4
1-0

[Event "I. CLANSKA LIGA ZAHOD 2025"]
[Site "Komenda"]
[Date "2025.10.11"]
[Round "5.2"]
[White "Janko, Roman"]
[Black "Verbic, Jan"]
[Result "1-0"]
[WhiteElo "1890"]
[BlackElo "1669"]
[PlyCount "51"]
[EventDate "2025.09.26"]
[WhiteTeam "SK DOLENJSKE TOPLICE"]
[BlackTeam "TAJFUN - SK LJUBLJANA"]

1. e4 c6 2. f4 d5 3. Nc3 d4 4. Nce2 c5 5. Ng3 Nc6 6. Nf3 Nf6 7. Bc4 e6 8. O-O
Be7 9. a3 a6 10. d3 b5 11. Bb3 Bb7 12. f5 e5 13. Bg5 Ng4 14. Bd2 Nf6 15. Ng5
O-O 16. Qe2 h6 17. Nf3 Rc8 18. h3 Bd6 19. Nh2 Na5 20. Ba2 Bc7 21. Ng4 Nc6 22.
Nxf6+ Qxf6 23. Qg4 g5 24. fxg6 Qg7 25. Nh5 Qh8 26. g7 1-0

[Event "I. CLANSKA LIGA ZAHOD 2025"]
[Site "Komenda"]
[Date "2025.10.11"]
[Round "5.3"]
[White "Plaskan, Jure"]
[Black "Praznik, Niko"]
[Result "0-1"]
[WhiteElo "2215"]
[BlackElo "2297"]
[PlyCount "132"]
[EventDate "2025.09.26"]
[WhiteTeam "SD DOMZALE"]
[BlackTeam "SD VRHNIKA"]

1. e4 e6 2. d4 b6 3. Nc3 Bb7 4. Be3 g6 5. Qd2 Bg7 6. Nge2 h6 7. h3 Ne7 8. g3 d5
9. e5 Nf5 10. f4 Nxe3 11. Qxe3 Ba6 12. Bg2 Nc6 13. Nd1 Na5 14. Qa3 Bf8 15. Qa4+
Qd7 16. Qxd7+ Kxd7 17. Ne3 c5 18. Rd1 Bxe2 19. Kxe2 cxd4 20. Rxd4 Bc5 21. Ra4
Bxe3 22. Kxe3 Rac8 23. Kd3 Rc7 24. c3 Nc4 25. Rb4 Rhc8 26. Bf1 g5 27. Kd4 Na5
28. Bb5+ Ke7 29. Ke3 Rg8 30. Kf2 Nb7 31. Bd3 Nc5 32. Bb1 Na6 33. Rd4 Nb8 34. h4
gxf4 35. gxf4 Nc6 36. Rdd1 f6 37. exf6+ Kxf6 38. Rhg1 Rcg7 39. Rxg7 Rxg7 40. f5
Rg4 41. fxe6 Kxe6 42. Rh1 Ne5 43. h5 Kf6 44. Bc2 Rg5 45. Rh4 Rg4 46. Rh1 Nc4
47. b3 Ne5 48. a4 Rf4+ 49. Ke2 Ng4 50. Bg6 Ke5 51. Re1 Rf2+ 52. Kd3+ Kf4 53. c4
Ne5+ 54. Kc3 d4+ 55. Kb4 Nxg6 56. hxg6 Rh2 57. c5 bxc5+ 58. Kxc5 d3 59. Kd4 d2
60. Rf1+ Kg3 61. Ke5 Re2+ 62. Kf6 Re1 63. g7 Rxf1+ 64. Ke7 Re1+ 65. Kf7 d1=Q
66. g8=Q+ Qg4 0-1

[Event "I. CLANSKA LIGA ZAHOD 2025"]
[Site "Komenda"]
[Date "2025.10.11"]
[Round "5.3"]
[White "Justin, Matjaz"]
[Black "Keber, Aljosa"]
[Result "1-0"]
[WhiteElo "2210"]
[BlackElo "2102"]
[PlyCount "69"]
[EventDate "2025.09.26"]
[WhiteTeam "SD VRHNIKA"]
[BlackTeam "SD DOMZALE"]

1. e4 e5 2. Nf3 Nc6 3. Bb5 a6 4. Ba4 Nge7 5. O-O Ng6 6. c3 d5 7. exd5 Qxd5 8.
Bb3 Qd3 9. Re1 Be6 10. Bxe6 fxe6 11. Qb3 O-O-O 12. Qxe6+ Kb8 13. Re3 Qc2 14.
Na3 Bxa3 15. bxa3 Nf4 16. Qc4 Nd4 17. Ne1 Qg6 18. cxd4 exd4 19. Re7 Nd5 20. Re5
Rhe8 21. Rxe8 Rxe8 22. Bb2 Nf4 23. g3 Ne2+ 24. Kg2 h5 25. Qb3 Nf4+ 26. Kf1 Qc6
27. f3 Qd7 28. gxf4 Qh3+ 29. Ng2 Qxh2 30. Bxd4 h4 31. Rb1 b5 32. Qf7 Rc8 33.
Qd7 Qh1+ 34. Bg1 c6 35. Qa7# 1-0

[Event "I. CLANSKA LIGA ZAHOD 2025"]
[Site "Komenda"]
[Date "2025.10.11"]
[Round "5.3"]
[White "Debevec, Blaz"]
[Black "Siraj, Svit"]
[Result "1/2-1/2"]
[WhiteElo "2133"]
[BlackElo "2122"]
[PlyCount "94"]
[EventDate "2025.09.26"]
[WhiteTeam "SD DOMZALE"]
[BlackTeam "SD VRHNIKA"]

1. Nf3 Nf6 2. g3 b5 3. Bg2 Bb7 4. O-O e6 5. a4 b4 6. d3 c5 7. e4 d6 8. b3 Be7
9. Bb2 Nbd7 10. Nbd2 O-O 11. Re1 Ng4 12. Nc4 d5 13. exd5 exd5 14. Na5 Qxa5 15.
Rxe7 Qd8 16. Qe2 d4 17. Re1 Ngf6 18. Qd2 Bd5 19. R7e2 Qc7 20. Ne5 Bxg2 21. Kxg2
Nxe5 22. Rxe5 Rae8 23. Rxe8 Rxe8 24. Rxe8+ Nxe8 25. Qe2 Nf6 26. Bc1 Qc6+ 27.
Qf3 Nd5 28. Bd2 f6 29. Kg1 Qe6 30. h4 g6 31. Kf1 Kf7 32. Qe2 Nc3 33. Bxc3 Qxe2+
34. Kxe2 bxc3 35. Kf3 f5 36. Kf4 Kf6 37. f3 h6 38. g4 g5+ 39. hxg5+ hxg5+ 40.
Kg3 Ke5 41. Kh3 Kf4 42. gxf5 Kxf5 43. Kg3 a5 44. Kg2 Kf4 45. Kf2 g4 46. fxg4
Kxg4 47. Kg2 Kf4 1/2-1/2

[Event "I. CLANSKA LIGA ZAHOD 2025"]
[Site "Komenda"]
[Date "2025.10.11"]
[Round "5.3"]
[White "Zlindra, Aljaz"]
[Black "Bratko, Ivan"]
[Result "1/2-1/2"]
[WhiteElo "1995"]
[BlackElo "2166"]
[PlyCount "66"]
[EventDate "2025.09.26"]
[WhiteTeam "SD VRHNIKA"]
[BlackTeam "SD DOMZALE"]

1. e4 c5 2. Nf3 e6 3. d4 cxd4 4. Nxd4 a6 5. Nc3 Qc7 6. f4 Bb4 7. Bd2 Nf6 8. Bd3
d6 9. a3 Bc5 10. Nb3 Ba7 11. g4 h5 12. gxh5 Nc6 13. Qf3 Bd7 14. O-O-O O-O-O 15.
Be3 Bxe3+ 16. Qxe3 Kb8 17. h4 Nxh5 18. f5 Ne5 19. fxe6 fxe6 20. Be2 Nf6 21. Kb1
Rh7 22. Nd4 Rdh8 23. Qg3 Bc8 24. Nf3 Nxf3 25. Bxf3 e5 26. Nd5 Nxd5 27. Rxd5 Be6
28. Rd2 Qc4 29. b3 Qc3 30. Rd3 Qc7 31. Bg4 Bxg4 32. Qxg4 Rh5 33. Rg1 Rxh4
1/2-1/2

[Event "I. CLANSKA LIGA ZAHOD 2025"]
[Site "Komenda"]
[Date "2025.10.11"]
[Round "5.3"]
[White "Markosek, Bine"]
[Black "Praznik, Anton"]
[Result "1/2-1/2"]
[WhiteElo "2020"]
[BlackElo "1962"]
[PlyCount "95"]
[EventDate "2025.09.26"]
[WhiteTeam "SD DOMZALE"]
[BlackTeam "SD VRHNIKA"]

1. e4 d5 2. exd5 Qxd5 3. Nc3 Qd6 4. d4 Nf6 5. Bc4 Bg4 6. f3 Bh5 7. Nge2 a6 8.
Bf4 Qb6 9. g4 Qc6 10. gxh5 Qxc4 11. h6 gxh6 12. Qd2 e6 13. Be5 Nbd7 14. b3 Qc6
15. O-O-O O-O-O 16. Qe3 Rg8 17. d5 Nxd5 18. Nxd5 exd5 19. Bb2 Qb6 20. Qf4 Rg2
21. Rhe1 Qg6 22. Rxd5 Qe6 23. Rd2 h5 24. Qa4 Bc5 25. Kd1 b5 26. Qe4 Qxe4 27.
fxe4 Rxh2 28. Rf1 f6 29. c4 bxc4 30. bxc4 Bd6 31. Rd5 Rg8 32. Rd2 Bb4 33. Bc3
Rxe2 34. Bxb4 Rxe4 35. Rc2 Rgg4 36. Bc3 Rxc4 37. Bxf6 Rxc2 38. Kxc2 Rg2+ 39.
Kb3 Nxf6 40. Rxf6 Kb7 41. Rh6 Rh2 42. a4 h4 43. Kb4 Rh1 44. Ka5 h3 45. Rxh7 h2
46. Rh6 c5 47. Rxh2 Rb1 48. Rb2+ 1/2-1/2

[Event "I. CLANSKA LIGA ZAHOD 2025"]
[Site "Komenda"]
[Date "2025.10.11"]
[Round "5.3"]
[White "Sever, Gasper"]
[Black "Markosek, Maj"]
[Result "1-0"]
[WhiteElo "1856"]
[BlackElo "1994"]
[PlyCount "119"]
[EventDate "2025.09.26"]
[WhiteTeam "SD VRHNIKA"]
[BlackTeam "SD DOMZALE"]

1. f4 d5 2. Nf3 Nf6 3. g3 Bf5 4. Bg2 e6 5. O-O Be7 6. d3 h6 7. c3 O-O 8. Kh1 c5
9. Be3 Nc6 10. Nbd2 Qc7 11. Bg1 b5 12. Nh4 Bh7 13. a4 a6 14. e4 c4 15. e5 Nd7
16. d4 Bxh4 17. gxh4 Bf5 18. Rf2 b4 19. Nf1 bxc3 20. bxc3 Ne7 21. Ne3 Bd3 22.
f5 Bxf5 23. Rxf5 Nxf5 24. Nxf5 exf5 25. Bxd5 Rad8 26. Qf3 Nb6 27. Bc6 Rc8 28.
Bb7 Rb8 29. Bxa6 Rfd8 30. Bb5 Nd5 31. Bf2 h5 32. Rg1 Rb6 33. Qxf5 Nxc3 34. d5
Rg6 35. Rxg6 fxg6 36. Qe6+ Kh7 37. Bb6 Qb8 38. Bxd8 Qxd8 39. Be8 Qxd5+ 40. Qxd5
Nxd5 41. a5 c3 42. Ba4 Kg8 43. a6 Kf7 44. a7 Nc7 45. Bb3+ Ke7 46. Kg2 c2 47.
Bxc2 Ke6 48. Bxg6 Kxe5 49. Bxh5 Kf4 50. Bf3 Ke5 51. Kg3 Kf5 52. Bc6 Ke5 53. Kg4
Kf6 54. h5 Ke6 55. Kg5 Kf7 56. Kf5 Kf8 57. Kg6 Kg8 58. h3 Kf8 59. Bd5 Ne8 60.
a8=Q 1-0

[Event "I. CLANSKA LIGA ZAHOD 2025"]
[Site "Komenda"]
[Date "2025.10.11"]
[Round "5.4"]
[White "Rusjan, Miran"]
[Black "Stevanic, David"]
[Result "0-1"]
[WhiteElo "2260"]
[BlackElo "2311"]
[PlyCount "80"]
[EventDate "2025.09.26"]
[WhiteTeam "SK NOVA GORICA"]
[BlackTeam "SK KOCEVJE"]

1. d4 Nf6 2. c4 e6 3. Nc3 Bb4 4. Qc2 O-O 5. Nf3 d5 6. cxd5 exd5 7. Bg5 h6 8.
Bh4 c5 9. a3 Bxc3+ 10. bxc3 g5 11. Bg3 Ne4 12. Bxb8 Rxb8 13. Nd2 cxd4 14. Nxe4
dxe4 15. Rd1 Qa5 16. Rxd4 Qxa3 17. e3 Bf5 18. Be2 Rfc8 19. c4 b5 20. O-O b4 21.
g4 Bg6 22. Rb1 b3 23. Qc3 a5 24. Ra1 Qb4 25. Qb2 a4 26. c5 Qxc5 27. Rc4 Qxc4
28. Bxc4 Rxc4 29. Kg2 Kh7 30. h4 gxh4 31. Rh1 Rc5 32. Rxh4 a3 33. Qxa3 b2 34.
Rh1 Rg5 35. Rb1 Rxg4+ 36. Kf1 Bh5 37. Rxb2 Rbg8 38. Ke1 Rg1+ 39. Kd2 Rd1+ 40.
Kc2 Rc8+ 0-1

[Event "I. CLANSKA LIGA ZAHOD 2025"]
[Site "Komenda"]
[Date "2025.10.11"]
[Round "5.4"]
[White "Acimovic, Vasja"]
[Black "Zamar Kodelja, Jurij"]
[Result "0-1"]
[WhiteElo "2285"]
[BlackElo "2232"]
[PlyCount "86"]
[EventDate "2025.09.26"]
[WhiteTeam "SK KOCEVJE"]
[BlackTeam "SK NOVA GORICA"]

1. d4 Nf6 2. Bf4 g6 3. Nc3 d5 4. e3 Bg7 5. h4 c5 6. Nb5 Na6 7. c3 O-O 8. h5 Qb6
9. hxg6 hxg6 10. a4 c4 11. Nf3 Bg4 12. Be2 Bd7 13. b3 Bxb5 14. axb5 Qxb5 15.
Nd2 Qc6 16. bxc4 dxc4 17. Bf3 Nd5 18. Bxd5 Qxd5 19. Qg4 e5 20. Qh4 Rfc8 21. Bg5
f5 22. Qh7+ Kf8 23. Qxg6 Qf7 24. Qd6+ Kg8 25. Nf3 Rc6 26. Qa3 exd4 27. exd4
Re8+ 28. Kf1 Nc7 29. Bf4 Nb5 30. Qb2 Qd5 31. Be5 Rg6 32. Nh4 Rh6 33. Qd2 Rxe5
34. Rh3 Re4 35. Qg5 Rg4 36. Qe7 Bf8 37. Qe3 Rhxh4 38. Rxh4 Qxg2+ 39. Ke2 Rxh4
40. Qe6+ Kh7 41. Qxf5+ Qg6 42. Qxb5 Qd3+ 43. Ke1 Rh1# 0-1

[Event "I. CLANSKA LIGA ZAHOD 2025"]
[Site "Komenda"]
[Date "2025.10.11"]
[Round "5.4"]
[White "Markocic, Tine"]
[Black "Zuzek, Bor"]
[Result "1/2-1/2"]
[WhiteElo "2110"]
[BlackElo "2073"]
[PlyCount "46"]
[EventDate "2025.09.26"]
[WhiteTeam "SK NOVA GORICA"]
[BlackTeam "SK KOCEVJE"]

1. c4 e6 2. Nc3 d5 3. e3 Nf6 4. Nf3 Be7 5. b3 O-O 6. Bb2 b6 7. cxd5 Nxd5 8.
Nxd5 Qxd5 9. h4 Ba6 10. Qc2 Bxf1 11. Kxf1 c5 12. Ng5 Bxg5 13. hxg5 Qf5 14. Qxf5
exf5 15. Rh4 Nd7 16. Rf4 g6 17. g4 fxg4 18. Rxg4 f6 19. gxf6 Nxf6 20. Rf4 Nd5
21. Rg4 Nf6 22. Rf4 Nd5 23. Rg4 Nf6 1/2-1/2

[Event "I. CLANSKA LIGA ZAHOD 2025"]
[Site "Komenda"]
[Date "2025.10.11"]
[Round "5.4"]
[White "Mestek, Igor"]
[Black "Vicic, Mark"]
[Result "1/2-1/2"]
[WhiteElo "2032"]
[BlackElo "1855"]
[PlyCount "55"]
[EventDate "2025.09.26"]
[WhiteTeam "SK KOCEVJE"]
[BlackTeam "SK NOVA GORICA"]

1. e4 d5 2. exd5 Qxd5 3. Nc3 Qa5 4. d4 Nf6 5. Nf3 Bg4 6. h3 Bh5 7. Bd2 c6 8.
Bc4 Qb6 9. g4 Bg6 10. Qe2 Nbd7 11. O-O-O O-O-O 12. Ne5 e6 13. h4 Qxd4 14. Bg5
Qxe5 15. Rxd7 Nxd7 16. Bxd8 Qxe2 17. Bxe2 Kxd8 18. h5 Bxh5 19. Rxh5 Nf6 20. Rh1
Bd6 21. Kd1 Be5 22. Rh3 Ke7 23. g5 Bxc3 24. Rxc3 Ne4 25. Rb3 Rd8+ 26. Ke1 Rd7
27. f4 f6 28. Re3 1/2-1/2

[Event "I. CLANSKA LIGA ZAHOD 2025"]
[Site "Komenda"]
[Date "2025.10.11"]
[Round "5.4"]
[White "Zagorsek, Nejc"]
[Black "Bajo, Tin"]
[Result "1-0"]
[WhiteElo "1851"]
[BlackElo "2010"]
[PlyCount "67"]
[EventDate "2025.09.26"]
[WhiteTeam "SK NOVA GORICA"]
[BlackTeam "SK KOCEVJE"]

1. Nf3 d5 2. g3 Nf6 3. Bg2 Bf5 4. O-O c6 5. d3 e6 6. c4 Be7 7. Be3 h6 8. Qb3
Qc7 9. Rc1 Nbd7 10. cxd5 Nxd5 11. Bd2 N5b6 12. a4 Nf6 13. a5 Nbd7 14. a6 Nc5
15. axb7 Rb8 16. Qc4 Rxb7 17. Nd4 O-O 18. b4 Ncd7 19. Nxc6 Nb6 20. Qa6 Nbd5 21.
Nxe7+ Qxe7 22. e4 Nxb4 23. Bxb4 Rxb4 24. exf5 exf5 25. Nc3 Rd8 26. Rab1 Rxb1
27. Nxb1 Qe2 28. Bf1 Qb2 29. Rc8 Rxc8 30. Qxc8+ Kh7 31. Qxf5+ Kg8 32. Qc8+ Kh7
33. Nc3 Qb6 34. Ne4 1-0

[Event "I. CLANSKA LIGA ZAHOD 2025"]
[Site "Komenda"]
[Date "2025.10.11"]
[Round "5.4"]
[White "Mihic, Peter"]
[Black "Lipuscek, Lev"]
[Result "1-0"]
[WhiteElo "1814"]
[BlackElo "1805"]
[PlyCount "75"]
[EventDate "2025.09.26"]
[WhiteTeam "SK KOCEVJE"]
[BlackTeam "SK NOVA GORICA"]

1. e4 c5 2. Nf3 d6 3. Bb5+ Bd7 4. Bxd7+ Nxd7 5. O-O Ngf6 6. Re1 g6 7. c3 Bg7 8.
d4 cxd4 9. cxd4 e5 10. Nc3 a6 11. Qb3 exd4 12. e5 dxe5 13. Nxe5 O-O 14. Nxd7
Qxd7 15. Na4 d3 16. Nc5 d2 17. Rd1 Qc6 18. Bxd2 Qxc5 19. Bb4 Qb5 20. Bxf8 Qxb3
21. axb3 Kxf8 22. Rd6 Ne4 23. Rb6 Ra7 24. Rc1 Bd4 25. Rb4 Bxf2+ 26. Kf1 Nc5 27.
Rc3 g5 28. Kxf2 Ne6 29. Rc8+ Kg7 30. Rb6 h5 31. Rb8 Nc5 32. b4 Nd3+ 33. Ke3
Nxb2 34. R6xb7 Rxb7 35. Rxb7 a5 36. b5 a4 37. Ra7 a3 38. Kd4 1-0

[Event "I. CLANSKA LIGA ZAHOD 2025"]
[Site "Komenda"]
[Date "2025.10.11"]
[Round "5.5"]
[White "Gantar, Jan"]
[Black "Jocev, Milan"]
[Result "0-1"]
[WhiteElo "2178"]
[BlackElo "2206"]
[PlyCount "80"]
[EventDate "2025.09.26"]
[WhiteTeam "SK KOMENDA"]
[BlackTeam "SK TRZIN"]

1. e4 e5 2. Nf3 Nc6 3. Bc4 Nf6 4. d3 d5 5. exd5 Nxd5 6. h3 Bf5 7. O-O Nb6 8.
Bb5 Bd6 9. Re1 O-O 10. Nc3 Nd4 11. Nxd4 exd4 12. Ne4 c6 13. Nxd6 Qxd6 14. Bc4
Nxc4 15. dxc4 Qg6 16. Bf4 Rad8 17. Re7 Bxc2 18. Qd2 Be4 19. f3 Bxf3 20. Rf1 Be4
21. Rxb7 a5 22. c5 Bd5 23. Rf2 h6 24. Bd6 Rfe8 25. Qxd4 Re1+ 26. Kh2 Qb1 27.
Rf4 Rh1+ 28. Kg3 Rg1 29. Rf2 Qe1 30. Kh2 Re8 31. Rb8 Rxb8 32. Bxb8 Rh1+ 33. Kg3
h5 34. Kh4 Bxg2 35. Kxh5 Rxh3+ 36. Kg4 Qe6+ 37. Rf5 Qg6+ 38. Rg5 f5+ 39. Kf4
Rf3+ 40. Ke5 Qf6# 0-1

[Event "I. CLANSKA LIGA ZAHOD 2025"]
[Site "Komenda"]
[Date "2025.10.11"]
[Round "5.5"]
[White "Krupenko, Peter"]
[Black "Lucovnik, Tilen"]
[Result "0-1"]
[WhiteElo "1968"]
[BlackElo "2154"]
[PlyCount "80"]
[EventDate "2025.09.26"]
[WhiteTeam "SK TRZIN"]
[BlackTeam "SK KOMENDA"]

1. d4 d5 2. Nf3 Nf6 3. g3 e6 4. Bg2 Be7 5. O-O O-O 6. c4 c6 7. Nc3 Nbd7 8. b3
b6 9. cxd5 cxd5 10. Bb2 Ba6 11. Rc1 Rc8 12. Re1 Rc7 13. e3 Qc8 14. Bf1 Bb4 15.
Bxa6 Qxa6 16. Qe2 Qa5 17. a3 Bxc3 18. b4 Qa4 19. Bxc3 Rfc8 20. Bb2 Rc2 21. Rxc2
Rxc2 22. Qd1 Qb3 23. Bc1 Qc3 24. Nd2 Qd3 25. Nb1 Qxd1 26. Rxd1 Ne4 27. Bd2 Kf8
28. b5 Ke8 29. Be1 Ndf6 30. Nd2 Nc3 31. Ra1 Nxb5 32. a4 Nd6 33. a5 b5 34. Nb3
Nfe4 35. a6 Nc4 36. Nc5 Nxc5 37. dxc5 Kd7 38. Ba5 Nxa5 39. Rxa5 Kc6 40. Kg2
Kxc5 0-1